000 00732cam a22002292 4500
001 0000000610
005 20151217151751.0
008 070213s xx 000 0 eng d
020 _a0946462569 :
040 _aKABU
_cKABU
050 0 _aBR252
_b.N44
100 1 _aNeedham, N. R.
_@0000160691
245 1 0 _a2000 years of Christ's power. part two :
_bthe middle ages /
_cN. R. Needham.
260 _aLondon :
_bGrace Publications,
_c2000.
300 _a460 p.
650 0 _aChristianity
_xHistory
_yMiddle ages.
_@0000160692
852 1 _9p600 KES
908 _a070213
950 _@1
999 _c4823
_d4823